| 000 | 01034cam a2200313 a 4500 | ||
|---|---|---|---|
| 008 | |||
| 020 | _a0721624243 (hbk.) | ||
| 049 | _aMAIN | ||
| 090 |
_aRL71 _bAND. |
||
| 100 | 1 | _aArnold, Harry L. | |
| 245 | 1 | 0 |
_aAndrews' diseases of the skin : _bclinical dermatology/ _cHarry L Arnold ;Richard B Odom and William D James. |
| 250 | _a8th ed. | ||
| 260 |
_aPhiladelphia : _bW.B Saunders, _c1990. |
||
| 300 |
_aix, 1062 p. : _bill. ; _c29 cm. |
||
| 500 | _aPrevious ed. cataloged under: Andrews, George Clinton. | ||
| 500 | _aIncludes index. | ||
| 504 | _aIncludes bibliographical references. | ||
| 650 | 0 |
_aSkin _xDiseases. |
|
| 650 | 2 | _aSkin Diseases. | |
| 700 | 1 | _aOdom, Richard B. | |
| 700 | 1 |
_aJames, William D. _q(William Daniel). |
|
| 700 | 1 |
_aAndrews, George Clinton, _d1891- _tDiseases of the skin. |
|
| 740 | 0 | _aDiseases of the skin. | |
| 907 |
_a.b10356289 _b07-04-15 _c31-03-15 |
||
| 003 | |||
| 005 | 20230120204151.0 | ||
| 040 | _cNUST | ||
| 942 |
_cBOOKS _kRL71 _mAND. |
||
| 999 |
_c118328 _d118328 |
||